000 00453nab a2200145Ia 4500
003 ES-SlBCS
005 20210601131322.0
008 140529s1980 xxu||||| |||| 00| 0 fre d
041 _afre
100 1 _aFerry, Gilles
_939313
245 0 0 _aProblèmatiques et pratiques de l'éducation des adultes
_c Gilles Ferry
650 0 4 _aEducación de Adultos
_9128539
773 0 _tRevue Française de Pedagogie
_gnº. 50, 1980, págs. 42-53
_wRev888
942 _cAR
999 _c561202
_d561202